Score 0/30 Timer 06:00
26 Plays Today
Questions Answers % Correct
Harry PotterAlbus Dumbledore
95.5%
Harry PotterHarry Potter
94%
Harry PotterVoldemort
92.6%
Lord of the RingsGandalf
89.1%
Lord of the RingsFrodo Baggins
85.6%
Harry PotterDementors
85.6%
Lord of the RingsBilbo Baggins
83.9%
Lord of the RingsThe One Ring
83.2%
Harry PotterVernon Dursley
81.1%
Harry PotterHorcruxes
80.7%
Harry PotterFred and George
79.6%
Harry PotterWormtail
76.8%
Lord of the RingsSauron
76%
Harry PotterNeville Longbottom
72.3%
Harry PotterWhomping Willow
70.2%
Questions Answers % Correct
Lord of the RingsMerry and Pippin
68.7%
Harry PotterDobby/Kreacher
66.5%
Harry PotterForbidden forest
65.9%
Harry PotterAragog
64.5%
Lord of the RingsGollum
62.9%
Lord of the RingsNazgul
60.2%
Lord of the RingsSaruman
57.1%
Lord of the RingsGrima Wormtongue
51%
Lord of the RingsShelob
48%
Harry PotterPensieve
44.8%
Lord of the RingsOld Forest/Fangorn/Mirkwood
43%
Lord of the RingsOld Man Willow
28.7%
Lord of the RingsLongbottom Leaf
20.8%
Harry PotterGellert Grindelwald
18.5%
Lord of the RingsThe Mirror of Galadriel
15.3%
Remove Ads.
Support Sporcle.
Get the best of Sporcle when you Go Orange. This ad-free experience offers more features, more stats, and more fun while also helping to support Sporcle. Thank you for becoming a member.

You're not logged in!

Compare scores with friends on all Sporcle quizzes.
OR
Log In

Show Comments

Extras

Top Quizzes Today


Score Distribution

Your Account Isn't Verified!

In order to create a playlist on Sporcle, you need to verify the email address you used during registration. Go to your Sporcle Settings to finish the process.

Report this User

Report this user for behavior that violates our Community Guidelines.

Details: